Calciatori argentini nella Squadra della stagione dell'Europa League - Statistics

Statistiche generali
  • Questo quiz è stato fatto 4 volte
  • Il punteggio medio è 5 su 14
Statistiche sulle risposte
Numero apparizioni Edizioni apparizioni Squadra Calciatore % Corretto
2 2013-2014; 2014-2015 Napoli Gonzalo Higuaín
100%
1 2013-2014 Juventus Carlos Tévez
75%
1 2019-2020 Inter Lautaro Martínez
75%
1 2022-2023 Roma Paulo Dybala
75%
3 2014-2015; 2015-2016; 2019-2020 Siviglia Éver Banega
25%
1 2013-2014 Benfica Ezequiel Garay
25%
1 2020-2021 Villarreal Gerónimo Rulli
25%
1 2019-2020 Siviglia Lucas Ocampos
25%
1 2022-2023 Siviglia Marcos Acuña
25%
1 2013-2014 Siviglia Nicolás Pareja
25%
1 2016-2017 Manchester Utd Sergio Romero
25%
1 2013-2014 Fiorentina Gonzalo Rodríguez
0%
1 2016-2017 Celta Vigo Gustavo Cabral
0%
1 2013-2014 Benfica Nicolás Gaitán
0%
Nessun quiz corrispondente trovato
Distribuzione punteggi
Percentuale di utenti per punteggio
Percentile per numero di risposta
I tuoi punteggi nel tempo
Non hai fatto questo quiz